| 000 | 00857nam a2200241 a 4500 | ||
|---|---|---|---|
| 003 | CBULib | ||
| 005 | 20240229142921.0 | ||
| 008 | 131211s2013 ||||||||||||||||| || u | ||
| 040 |
_aCBULib _cEng _dCBULib _erda _bEnglish |
||
| 050 | _aGOV.ZAM(058)2013 | ||
| 110 | _aGovernment of the Republic of Zambia (GRZ) | ||
| 245 | 1 | 0 |
_aMillennium development goals: progress report, Zambia _c/by Government of the Republic of Zambia [GRZ] |
| 260 |
_aLusaka: _bGovernment of the Republic of Zambia (GRZ) _c2013 |
||
| 300 | _a60 pages.: illustrations | ||
| 336 |
_2rdacontent _aText | _btxt |
||
| 337 |
_2rdamedia _aUnmediated | _bn |
||
| 338 |
_2rdacarrier _aVolume _bnc |
||
| 500 | _aBibliography | ||
| 650 | 0 | _aAFRICA--ECONOMIC CONDITIONS | |
| 650 | _aMILLENIUM DEVELOPMENT GOALS--STATISTICS | ||
| 650 | _aMILLENIUM DEVELOPMENT GOALS--ZAMBIA | ||
| 942 |
_2mc _c029 |
||
| 999 |
_c77654 _d77654 |
||